| 000 | 00490nam a22001817a 4500 | ||
|---|---|---|---|
| 999 |
_c478236 _d478236 |
||
| 005 | 20180424110315.0 | ||
| 008 | 180424b ||||| |||| 00| 0 eng d | ||
| 020 | _a9789339221652 | ||
| 040 | _cSMME | ||
| 082 | _a621.4021 CEN | ||
| 100 |
_aCengel, Yunus A. _92462 |
||
| 245 |
_aThermodynamics: An Engineering Approach / _cYunus A. Cengel |
||
| 250 | _a8th ed. | ||
| 260 |
_aNew Delhi : _bMcGraw Hill, _c2017. |
||
| 300 |
_a954 p. ; _c24 cm. |
||
| 500 | _aPaperback. | ||
| 942 |
_2ddc _cBK |
||